000
00336nam a2200133Ia 4500
008
240624s9999 xx 000 0 und d
041
_a
eng
082
_a
658.15224 NEF
100
_a
NEFF CORNELIA
245
_a
CORPORATE FINANCE INNOVATION AND STRATEG
260
_c
2013
_a
New Delhi
_b
Springer
300
_a
218 : p.
365
_c
ERU
_b
28
999
_c
23965
_d
23965